MARC

LEADER 00000nab a2200000 a 4500
001 vtls010442534
003 SK-MaSNL
005 20260303173548.0
008 120815c2012 xo wr 0 0slo
038 |a SLLK 
040 |a SLLK  |b slo  |c sllk  |e AACR2 
041 |a slo 
044 |a xo  |c SK 
080 |a 77:06.064  |2 2001 
245 0 0 |a AMFo 2012  |c [autor] (mv) 
300 |b Fotogr. 
610 2 7 |a Galéria Provinčný dom (Stará Ľubovňa, Slovensko)  |x výstavy  |y 2012  |2 sllk  |9 1096943 
610 2 7 |a Ľubovnianske osvetové stredisko (Stará Ľubovňa, Slovensko)  |2 sllk  |9 59334 
611 2 7 |a AMFO  |d (2012 :  |c Stará Ľubovňa, Slovensko)  |2 sllk  |9 1199977 
648 7 |a 2012  |2 snkbucl  |9 326619 
650 0 7 |a amatérski fotografi  |2 sllk  |9 59505 
650 0 7 |a fotografické výstavy  |2 sllk  |9 29441 
651 7 |a Stará Ľubovňa (Slovensko)  |2 sllk  |9 19193 
773 0 |t Ľubovnianske noviny  |g Roč. XXXVII, č. 24 (2012), s. 4  |x 1338-0346 
999 |c 2092913  |d 2094843